<?xml version="1.0" encoding="UTF-8"?>
<record
    xmlns:xsi="http://www.w3.org/2001/XMLSchema-instance"
    xsi:schemaLocation="http://www.loc.gov/MARC21/slim http://www.loc.gov/standards/marcxml/schema/MARC21slim.xsd"
    xmlns="http://www.loc.gov/MARC21/slim">

  <leader>00668nam a2200145Ia 4500</leader>
  <controlfield tag="008">100122s9999    xx            000 0 und d</controlfield>
  <datafield tag="082" ind1=" " ind2=" ">
    <subfield code="b">11596</subfield>
    <subfield code="a">396</subfield>
  </datafield>
  <datafield tag="100" ind1=" " ind2=" ">
    <subfield code="a">&#x92C;&#x947;&#x921;&#x947;&#x915;&#x930; &#x92E;&#x93E;&#x932;&#x924;&#x940;</subfield>
  </datafield>
  <datafield tag="245" ind1=" " ind2=" ">
    <subfield code="a">&#x918;&#x930;&#x93E;&#x932;&#x93E; &#x92E;&#x941;&#x915;&#x932;&#x947;&#x932;&#x94D;&#x92F;&#x93E; &#x938;&#x94D;&#x924;&#x94D;&#x930;&#x93F;&#x92F;&#x93E; &#x935; &#x915;&#x93E;&#x933;&#x93E;&#x91A;&#x940; &#x91A;&#x93E;&#x939;&#x942;&#x932;</subfield>
  </datafield>
  <datafield tag="260" ind1=" " ind2=" ">
    <subfield code="b">&#x926;&#x947;&#x936;&#x92E;&#x941;&#x916; &#x906;&#x923;&#x93F; &#x915;&#x902;&#x92A;&#x928;&#x940;</subfield>
    <subfield code="c">1962</subfield>
  </datafield>
  <datafield tag="300" ind1=" " ind2=" ">
    <subfield code="a">236</subfield>
  </datafield>
  <datafield tag="630" ind1=" " ind2=" ">
    <subfield code="a">&#x918;&#x930;&#x93E;&#x932;&#x93E; &#x92E;&#x941;&#x915;&#x932;&#x947;&#x932;&#x94D;&#x92F;&#x93E; &#x938;&#x94D;&#x924;&#x94D;&#x930;&#x93F;&#x92F;&#x93E; &#x935; &#x915;&#x93E;&#x933;&#x93E;&#x91A;&#x940; &#x91A;&#x93E;&#x939;&#x942;&#x932;</subfield>
  </datafield>
  <datafield tag="730" ind1=" " ind2=" ">
    <subfield code="a">&#x918;&#x930;&#x93E;&#x932;&#x93E; &#x92E;&#x941;&#x915;&#x932;&#x947;&#x932;&#x94D;&#x92F;&#x93E; &#x938;&#x94D;&#x924;&#x94D;&#x930;&#x93F;&#x92F;&#x93E; &#x935; &#x915;&#x93E;&#x933;&#x93E;&#x91A;&#x940; &#x91A;&#x93E;&#x939;&#x942;&#x932;</subfield>
  </datafield>
  <datafield tag="942" ind1=" " ind2=" ">
    <subfield code="c">BOOK</subfield>
  </datafield>
  <datafield tag="999" ind1=" " ind2=" ">
    <subfield code="c">402940</subfield>
    <subfield code="d">402937</subfield>
  </datafield>
</record>
